Smart surveillance system using raspberry Pi and Pir sensor (Record no. 138231)

000 -LEADER
fixed length control field 00352nam a2200097Ia 4500
008 - FIXED-LENGTH DATA ELEMENTS--GENERAL INFORMATION
fixed length control field 220120s9999||||xx |||||||||||||| ||und||
100 ## - MAIN ENTRY--PERSONAL NAME
Personal name Kala, Remya, Monisha and Anupama
9 (RLIN) 12633
245 #0 - TITLE STATEMENT
Title Smart surveillance system using raspberry Pi and Pir sensor
260 ## - PUBLICATION, DISTRIBUTION, ETC.
Place of publication, distribution, etc. Coorg Institute of Technology
Name of publisher, distributor, etc. Ponnampet
Date of publication, distribution, etc. 2003
650 ## - SUBJECT ADDED ENTRY--TOPICAL TERM
Topical term or geographic name entry element ELECTRONICS AND COMMUNICATIONS
Holdings
Withdrawn status Lost status Damaged status Not for loan Home library Current library Date acquired Full call number Barcode Date last seen Price effective from Koha item type
        Central Library Central Library 01/20/2022 621.381 KAL PR622 01/20/2022 01/20/2022 Project Reports

Powered by Koha